Smlouva o Evropské unii. (Pracovní překlad)

Salvato in:
Dettagli Bibliografici
Natura: Libro
Lingua:ceco
Pubblicazione: Praha : Ústav mezinárodních vztahů, 1992
Soggetti:
Tags: Aggiungi Tag
Nessun Tag, puoi essere il primo ad aggiungerne!!

MARC

LEADER 00000nam a22000003a 4500
001 stu2963
005 20150408174941.1
008 930122s1992----cs------------------cze-d
020 |a 80-901301-1-9 
040 |a STU  |b slo 
041 0 |a cze 
044 |a cs 
080 |a 061.1(4-15) 
080 |a EHS 
080 |a 341 
245 |a Smlouva o Evropské unii. (Pracovní překlad) 
260 |a Praha :  |b Ústav mezinárodních vztahů,  |c 1992 
300 |a 207 s 
500 |a Maastrichtská smlouva 
650 7 |a Európske spoločenstvo  |2 stusub 
650 7 |a EHS  |2 stusub 
996 |b E77767  |c R*77767  |l RRUM  |s A  |a 24  |w stu2963_0001